000 00267nam a2200109Ia 4500
008 220204s9999 xx 000 0 und d
082 _a681.326.3
_bALT
245 0 _aMicroprocessors
260 _aNew York
_bMcGraw Hill
_c1975
700 _aAltman, Lawrence
942 _cBK
999 _c33679
_d33679